El Diabló de l'avellaner / per Jaume Nonell i Comas
Descripción Física:
19 p. : il. ; 24 cm
Materias:
Avellaner -- Malalties i plagues
MARC
| LEADER | 00000nam a2200000Ia 4500 | ||
|---|---|---|---|
| 001 | 726 | ||
| 008 | 160829s1921 xx 000 0 cat d | ||
| 080 | |a RF-4-44 | ||
| 100 | |a Nonell i Comas, Jaume |9 23866 | ||
| 245 | |a El Diabló de l'avellaner / per Jaume Nonell i Comas | ||
| 260 | |a Barcelona : |b [Escola Superior d'Agricultura], |c 1921 | ||
| 300 | |a 19 p. : |b il. ; |c 24 cm | ||
| 490 | |a Arxius de l'Escola Superior d'Agricultura ; fascicle 2 | ||
| 650 | |a Avellaner |x Malalties i plagues |9 23867 | ||
| 710 | 2 | |a Escola Superior d'Agricultura de Barcelona |9 70055 | |
| 856 | 4 | |u https://media.diba.cat/diba/fitxers/arxiu/fulletons/bib_726_1921_baixa.pdf |y Accés lliure | |
| 856 | 4 | |u https://media.diba.cat/diba/fitxers/arxiu/fulletons/bib_726_1921_baixa.pdf |y Accés lliure | |
| 901 | |a Arxiu | ||
| 942 | |n 1 |2 udc | ||
| 952 | |0 0 |1 0 |4 0 |6 RF444 |7 1 |9 42895 |a Arxiu |b Arxiu |d 2016-12-01 |l 0 |o RF-4-44 |p 726 |r 2016-12-01 00:00:00 |w 2016-12-01 |y ARXIU | ||
| 999 | |c 45401 |d 45401 | ||
| 900 | |a bib_726_1921_baixa.pdf | ||